000 01014cam a2200265 a 4500
999 _c27837
_d27837
001 17020817
005 20170211084009.0
008 111025s2013 cau b 001 0 eng
010 _a 2011941994
020 _a9780840028587
040 _aDLC
_cDLC
042 _apcc
050 0 0 _aBF637
_b.C6W46 2013
100 1 _aWelfel, Elizabeth Reynolds,
_d1949-
245 1 0 _aEthics in counseling and psychotherapy :
_bstandards, research, and emerging issues /
_cElizabeth Reynolds Welfel.
250 _a5th ed.
260 _aBelmont, CA :
_bBrooks/Cole, Cengage Learning,
_cc2013.
300 _axviii, 605 p. ;
_c24 cm.
504 _aIncludes bibliographical references and indexes.
650 0 _aCounseling
_xMoral and ethical aspects.
650 0 _aCounseling psychology
_xMoral and ethical aspects.
650 0 _aPsychotherapy
_xMoral and ethical aspects.
942 _2lcc
_cBOOKS
_hBF637 .C6W46 2013